[Event "31. Torneo San Viator 2019 - Grupo B"]
[Site "Madrid ESP"]
[Date "2019.10.06"]
[Round "4.2"]
[White "Rey Martinez, Jaime"]
[Black "Arribas Lopez, Sara"]
[Result "1-0"]
[WhiteElo "1564"]
[BlackElo "1661"]
[PlyCount "83"]
[EventDate "2019.09.08"]
[EventType "swiss"]
[EventRounds "9"]
[EventCountry "ESP"]
[SourceTitle "Ajedrez en Madrid"]
[Source "lmi"]
[SourceDate "2019.09.08"]
[SourceVersion "1"]
[SourceVersionDate "2019.10.29"]
[SourceQuality "1"]

1. e4 b6 2. d4 Bb7 3. Nc3 e6 4. Bd3 Bb4 5. Nge2 Nc6 6. O-O Bxc3 7. bxc3 h6 8.
Bb2 Nf6 9. c4 d6 10. Qd2 Ne7 11. d5 e5 12. f4 Nd7 13. fxe5 dxe5 14. Rf3 f6 15.
Rg3 Rg8 16. Rf1 Nc5 17. Nc3 Nxd3 18. Rxd3 Ba6 19. Nb5 Bxb5 20. cxb5 Qd7 21. a4
a6 22. c4 axb5 23. axb5 Qd6 24. Qc3 Ng6 25. Bc1 Ra4 26. Be3 Qb4 27. Qxb4 Rxb4
28. Rc3 Kd7 29. Ra1 Ne7 30. Ra7 Nc8 31. Ra8 Rd8 32. Kf1 Nd6 33. Ra7 Rb8 34.
Bxb6 Rxb6 35. c5 R6xb5 36. cxd6 Kxd6 37. Rc6+ Ke7 38. Rcxc7+ Kd8 39. Rxg7 Rb1+
40. Kf2 R1b2+ 41. Kg3 R5b3+ 42. Kh4 1-0

[Event "31. Torneo San Viator 2019 - Grupo B"]
[Site "Madrid ESP"]
[Date "2019.10.06"]
[Round "4.3"]
[White "Giron Herranz, Juan"]
[Black "Del Noval Nemeshazi, Mario"]
[Result "0-1"]
[WhiteElo "1439"]
[BlackElo "1577"]
[PlyCount "70"]
[EventDate "2019.09.08"]
[EventType "swiss"]
[EventRounds "9"]
[EventCountry "ESP"]
[SourceTitle "Ajedrez en Madrid"]
[Source "lmi"]
[SourceDate "2019.09.08"]
[SourceVersion "1"]
[SourceVersionDate "2019.10.29"]
[SourceQuality "1"]

1. e4 e5 2. Nf3 Nc6 3. Bc4 Bc5 4. c3 Nf6 5. d4 exd4 6. cxd4 Bb4+ 7. Nc3 Nxe4 8.
O-O Bxc3 9. bxc3 d5 10. Bb5 O-O 11. Bxc6 bxc6 12. Ba3 Re8 13. Ne5 Qf6 14. Qa4
Nxc3 15. Qxc6 Ne2+ 16. Kh1 Nxd4 17. Qxa8 Qxe5 18. Bb2 Bh3 19. Bxd4 Bxg2+ 20.
Kg1 Qe6 21. Qxe8+ Qxe8 22. Rfe1 Be4 23. f3 Qa4 24. fxe4 Qxd4+ 25. Kf1 Qc4+ 26.
Kg1 dxe4 27. Rac1 Qd4+ 28. Kh1 e3 29. Rxc7 Qe4+ 30. Kg1 Qg4+ 31. Kh1 Qf3+ 32.
Kg1 Qf2+ 33. Kh1 Qxe1+ 34. Kg2 Qf2+ 35. Kh1 Qf1# 0-1

[Event "31. Torneo San Viator 2019 - Grupo B"]
[Site "Madrid ESP"]
[Date "2019.10.06"]
[Round "4.4"]
[White "Castro Uceda, Jose Antonio"]
[Black "Jimenez Gonzalez, Marcos"]
[Result "0-1"]
[WhiteElo "1518"]
[BlackElo "1732"]
[PlyCount "70"]
[EventDate "2019.09.08"]
[EventType "swiss"]
[EventRounds "9"]
[EventCountry "ESP"]
[SourceTitle "Ajedrez en Madrid"]
[Source "lmi"]
[SourceDate "2019.09.08"]
[SourceVersion "1"]
[SourceVersionDate "2019.10.29"]
[SourceQuality "1"]

1. e4 c6 2. d4 d5 3. exd5 cxd5 4. h3 Nc6 5. Nf3 Nf6 6. Bd3 g6 7. O-O Bg7 8. Re1
O-O 9. Bf4 Qb6 10. Qc1 Nxd4 11. Nxd4 Qxd4 12. Nc3 Be6 13. Nb5 Qb6 14. Be3 Qc6
15. Nxa7 Rxa7 16. Bxa7 b6 17. Qe3 Nd7 18. a4 Bxb2 19. Rab1 Bc3 20. Bb5 Qc7 21.
Bxd7 d4 22. Qe5 Qxd7 23. Bxb6 Qxa4 24. Re2 d3 25. Qxc3 dxe2 26. Bd4 Qc4 27. Qd2
Rc8 28. c3 Bf5 29. Qe3 Bxb1 30. Qe5 Qxd4 31. cxd4 Rc1+ 32. Kh2 e1=Q 33. Qb8+
Kg7 34. Qb2 Rc2 35. Qa1 Ra2 0-1

[Event "31. Torneo San Viator 2019 - Grupo B"]
[Site "Madrid ESP"]
[Date "2019.10.06"]
[Round "4.5"]
[White "Duran Andres, Rodrigo"]
[Black "Navarro Gonzalez, Jaime"]
[Result "0-1"]
[WhiteElo "1460"]
[BlackElo "1695"]
[PlyCount "118"]
[EventDate "2019.09.08"]
[EventType "swiss"]
[EventRounds "9"]
[EventCountry "ESP"]
[SourceTitle "Ajedrez en Madrid"]
[Source "lmi"]
[SourceDate "2019.09.08"]
[SourceVersion "1"]
[SourceVersionDate "2019.10.29"]
[SourceQuality "1"]

1. c4 Nf6 2. Nc3 e6 3. Nf3 d5 4. d4 c5 5. h3 Nc6 6. Bf4 Bd6 7. Bxd6 Qxd6 8. e3
O-O 9. Bd3 a6 10. O-O dxc4 11. Bxc4 b5 12. Be2 Bb7 13. a3 Rfd8 14. dxc5 Qxc5
15. Qb3 Ne7 16. Rac1 Qa7 17. Rfd1 Ned5 18. Nxd5 Bxd5 19. Qb4 Rac8 20. Qa5 Qb7
21. Qb4 h6 22. Qa5 Rd7 23. a4 Rdc7 24. Rxc7 Rxc7 25. axb5 axb5 26. Bxb5 Rc5 27.
Qd8+ Kh7 28. Bd3+ Be4 29. Qd4 Qd5 30. Qxd5 exd5 31. Nd4 Bxd3 32. Rxd3 Rc1+ 33.
Kh2 Ne4 34. f3 Ng5 35. h4 Ne6 36. Nxe6 fxe6 37. Rb3 Kg6 38. Kg3 Rc2 39. Rb6 Kf6
40. Kh3 Re2 41. Rb3 e5 42. g4 d4 43. exd4 exd4 44. Rd3 Ke5 45. b3 Rc2 46. Rd1
Rc3 47. Kg2 Rxb3 48. f4+ Ke4 49. g5 hxg5 50. fxg5 g6 51. h5 gxh5 52. Kh2 d3 53.
g6 Rb7 54. Kh3 Rg7 55. Rg1 d2 56. Kh4 Rxg6 57. Rxg6 d1=Q 58. Rg3 Kf4 59. Rf3+
Kxf3 0-1

[Event "31. Torneo San Viator 2019 - Grupo B"]
[Site "Madrid ESP"]
[Date "2019.10.06"]
[Round "4.6"]
[White "Gregorio Guerrero, Ivan"]
[Black "Arce Escobedo, Julio"]
[Result "0-1"]
[WhiteElo "1479"]
[BlackElo "1664"]
[PlyCount "62"]
[EventDate "2019.09.08"]
[EventType "swiss"]
[EventRounds "9"]
[EventCountry "ESP"]
[SourceTitle "Ajedrez en Madrid"]
[Source "lmi"]
[SourceDate "2019.09.08"]
[SourceVersion "1"]
[SourceVersionDate "2019.10.29"]
[SourceQuality "1"]

1. c4 Nf6 2. g3 e6 3. Bg2 d5 4. Nf3 Be7 5. O-O O-O 6. b3 dxc4 7. bxc4 Nbd7 8.
Nc3 Rb8 9. d3 b6 10. Nd4 Bb7 11. Bxb7 Rxb7 12. Nc6 Qe8 13. a4 Nb8 14. Nxe7+
Qxe7 15. Ba3 c5 16. d4 Rd8 17. e3 Qc7 18. Qe2 cxd4 19. exd4 Qc8 20. Rfd1 Rbd7
21. Nb5 a6 22. Nd6 Rxd6 23. Bxd6 Rxd6 24. Qe5 Rc6 25. Rac1 Nbd7 26. Qe2 b5 27.
axb5 axb5 28. c5 b4 29. Qb5 Nd5 30. Re1 Nc3 31. Ra1 Nxb5 0-1

[Event "31. Torneo San Viator 2019 - Grupo B"]
[Site "Madrid ESP"]
[Date "2019.10.06"]
[Round "4.7"]
[White "Caamaño Jimenez, Luis"]
[Black "Garcia Rojas, Juan Carlos"]
[Result "1-0"]
[WhiteElo "1699"]
[BlackElo "1508"]
[PlyCount "109"]
[EventDate "2019.09.08"]
[EventType "swiss"]
[EventRounds "9"]
[EventCountry "ESP"]
[SourceTitle "Ajedrez en Madrid"]
[Source "lmi"]
[SourceDate "2019.09.08"]
[SourceVersion "1"]
[SourceVersionDate "2019.10.29"]
[SourceQuality "1"]

1. d4 d5 2. c4 c6 3. cxd5 cxd5 4. Bf4 Nc6 5. Nc3 e6 6. e3 Nf6 7. Bd3 Bd7 8. Rc1
Qb6 9. Qe2 a6 10. a3 Be7 11. h3 Rc8 12. Nf3 O-O 13. O-O g6 14. Na4 Nxd4 15.
Nxb6 Nxe2+ 16. Bxe2 Rxc1 17. Rxc1 Bc6 18. Nd4 Bd8 19. Nxc6 Bxb6 20. Ne7+ Kg7
21. Rc8 Bd8 22. Nc6 bxc6 23. Bxa6 Ne4 24. Rxc6 Bf6 25. b4 g5 26. Bd6 Nxd6 27.
Rxd6 Be5 28. Rc6 Rd8 29. Kf1 Kf6 30. b5 Kf5 31. b6 Rd6 32. Rxd6 Bxd6 33. a4 Ke5
34. Bd3 h6 35. a5 Bc5 36. b7 Ba7 37. Ke2 Kd6 38. Kf3 h5 39. h4 e5 40. Be2 g4+
41. Kg3 Kc6 42. a6 Bb8 43. f3 f5 44. Kf2 Ba7 45. Ke1 Kc5 46. fxg4 fxg4 47. Bxg4
Kb6 48. Be2 Kc7 49. Kd2 Bc5 50. Bxh5 d4 51. exd4 Bxd4 52. Kd3 Bf2 53. Ke4 Bxh4
54. Kxe5 Kb6 55. b8=Q+ 1-0

[Event "31. Torneo San Viator 2019 - Grupo B"]
[Site "Madrid ESP"]
[Date "2019.10.06"]
[Round "4.9"]
[White "Argelina Diaz, Juan A."]
[Black "San Felipe Gonzalez, Tomas"]
[Result "1/2-1/2"]
[WhiteElo "1507"]
[BlackElo "1673"]
[PlyCount "90"]
[EventDate "2019.09.08"]
[EventType "swiss"]
[EventRounds "9"]
[EventCountry "ESP"]
[SourceTitle "Ajedrez en Madrid"]
[Source "lmi"]
[SourceDate "2019.09.08"]
[SourceVersion "1"]
[SourceVersionDate "2019.10.29"]
[SourceQuality "1"]

1. e4 c5 2. Nf3 a6 3. d4 cxd4 4. Nxd4 Nf6 5. Nc3 e5 6. Nb3 Bb4 7. Bg5 d6 8. Qd3
Bxc3+ 9. bxc3 h6 10. Bxf6 Qxf6 11. Rd1 Ke7 12. Be2 Nc6 13. O-O Rd8 14. f4 exf4
15. Nd4 Ne5 16. Qd2 g5 17. g3 Qg6 18. Bd3 Bh3 19. Rf2 fxg3 20. hxg3 Rac8 21.
Rh2 Be6 22. Rf1 Bxa2 23. Nf5+ Ke8 24. Rxh6 Qg8 25. Nxd6+ Rxd6 26. Rxd6 Be6 27.
Be2 Qg7 28. Rd1 Ke7 29. Rb6 Rh8 30. Rxb7+ Kf6 31. Rf1+ Kg6 32. Bxa6 Qh6 33. Qg2
g4 34. Rf4 Nf3+ 35. Kf2 Qf8 36. Rxf3 gxf3 37. Kxf3 Qc5 38. Bd3 Qxc3 39. Rb1 Kg5
40. Rh1 Bg4+ 41. Ke3 Qc5+ 42. Kd2 Qa5+ 43. Ke3 Qc5+ 44. Kd2 Qa3 45. Ke3 Qc5+
1/2-1/2

[Event "31. Torneo San Viator 2019 - Grupo B"]
[Site "Madrid ESP"]
[Date "2019.10.06"]
[Round "4.10"]
[White "Gil Calvente, Jose Antonio"]
[Black "Rojo Jorge, Angel"]
[Result "0-1"]
[WhiteElo "1666"]
[BlackElo "1445"]
[PlyCount "140"]
[EventDate "2019.09.08"]
[EventType "swiss"]
[EventRounds "9"]
[EventCountry "ESP"]
[SourceTitle "Ajedrez en Madrid"]
[Source "lmi"]
[SourceDate "2019.09.08"]
[SourceVersion "1"]
[SourceVersionDate "2019.10.29"]
[SourceQuality "1"]

1. d4 Nf6 2. Nf3 g6 3. Bf4 Bg7 4. e3 d6 5. Be2 O-O 6. O-O c5 7. c3 Nc6 8. d5
Nb8 9. Qb3 Qb6 10. Bc4 Bf5 11. Nbd2 Nbd7 12. h3 Qxb3 13. axb3 Nb6 14. Rfe1
Nfxd5 15. Bh2 Nxc4 16. bxc4 Nc7 17. e4 Bd7 18. e5 d5 19. Red1 e6 20. cxd5 exd5
21. c4 d4 22. Ne4 b6 23. Nd6 Be6 24. b3 Ne8 25. Nb5 a6 26. Nd2 f6 27. exf6 Bxf6
28. Ne4 Be7 29. Re1 Bd7 30. Nc7 Nxc7 31. Bxc7 Bd8 32. Bd6 Re8 33. f3 Bc6 34. g3
Bxe4 35. fxe4 Be7 36. Bc7 b5 37. e5 Rec8 38. Bd6 Bxd6 39. exd6 Kf7 40. Re7+ Kg8
41. Rae1 Rf8 42. d7 Rad8 43. Rf1 Rxf1+ 44. Kxf1 Kf8 45. Rxh7 bxc4 46. bxc4 a5
47. h4 a4 48. h5 gxh5 49. Rh8+ Ke7 50. Rh7+ Kd6 51. Rh6+ Kxd7 52. Ra6 Rg8 53.
Kf2 Rf8+ 54. Kg2 d3 55. Rxa4 Rf6 56. Ra7+ Kc8 57. Ra8+ Kb7 58. Rd8 Rg6 59. Rxd3
Rg4 60. Rd5 Rxc4 61. Rxh5 Kc6 62. Kf3 Rd4 63. g4 c4 64. g5 c3 65. g6 c2 66. g7
c1=Q 67. g8=Q Qc3+ 68. Kg2 Rd2+ 69. Kh1 Qf3+ 70. Kg1 Qd1# 0-1

[Event "31. Torneo San Viator 2019 - Grupo B"]
[Site "Madrid ESP"]
[Date "2019.10.06"]
[Round "4.11"]
[White "Viñas Blasco, Jorge"]
[Black "Marcelo De La Mata, Daniel"]
[Result "1/2-1/2"]
[WhiteElo "1497"]
[BlackElo "1658"]
[PlyCount "112"]
[EventDate "2019.09.08"]
[EventType "swiss"]
[EventRounds "9"]
[EventCountry "ESP"]
[SourceTitle "Ajedrez en Madrid"]
[Source "lmi"]
[SourceDate "2019.09.08"]
[SourceVersion "1"]
[SourceVersionDate "2019.10.29"]
[SourceQuality "1"]

1. Nf3 g6 2. g3 Bg7 3. c4 c5 4. d4 cxd4 5. Nxd4 Nc6 6. Nf3 d6 7. Qc2 Nf6 8.
Nbd2 Qb6 9. a3 Ng4 10. e3 Bf5 11. Ne4 Nce5 12. Nd4 Bd7 13. c5 dxc5 14. Qxc5
Qxc5 15. Nxc5 Bc6 16. Nxc6 bxc6 17. Bg2 O-O 18. h3 Nf6 19. b3 Rfd8 20. Bb2 Nd3+
21. Nxd3 Rxd3 22. Bxc6 Rad8 23. b4 Ne8 24. Bxg7 Kxg7 25. Bxe8 Rxe8 26. Ke2 Rd6
27. Rhd1 Red8 28. Rac1 Kf6 29. a4 a6 30. f4 Ke6 31. Rxd6+ Rxd6 32. Rc7 Rb6 33.
Rc4 f5 34. Kd3 Rd6+ 35. Rd4 Rc6 36. Rc4 Rd6+ 37. Kc3 h6 38. b5 axb5 39. axb5
Kd5 40. Rd4+ Kc5 41. Rxd6 exd6 42. b6 Kxb6 43. Kd4 Kc6 44. e4 fxe4 45. Kxe4 Kc5
46. g4 d5+ 47. Ke5 d4 48. f5 gxf5 49. gxf5 d3 50. f6 d2 51. f7 d1=Q 52. f8=Q+
Kc4 53. Qxh6 Qd5+ 54. Kf6 Qd6+ 55. Kg7 Qe7+ 56. Kh8 Qe8+ 1/2-1/2

[Event "31. Torneo San Viator 2019 - Grupo B"]
[Site "Madrid ESP"]
[Date "2019.10.06"]
[Round "4.12"]
[White "Martin Garcia, Francisco Javier"]
[Black "Alcojor Patilla, Antonio"]
[Result "0-1"]
[WhiteElo "1478"]
[BlackElo "1602"]
[PlyCount "64"]
[EventDate "2019.09.08"]
[EventType "swiss"]
[EventRounds "9"]
[EventCountry "ESP"]
[SourceTitle "Ajedrez en Madrid"]
[Source "lmi"]
[SourceDate "2019.09.08"]
[SourceVersion "1"]
[SourceVersionDate "2019.10.29"]
[SourceQuality "1"]

1. d4 d6 2. Nc3 Nf6 3. e4 g6 4. f4 Bg7 5. Nf3 Nbd7 6. Bc4 c5 7. Be3 b6 8. e5
Ng4 9. Bg1 cxd4 10. Bxd4 dxe5 11. fxe5 Ndxe5 12. Nxe5 Nxe5 13. Bxe5 Qxd1+ 14.
Rxd1 Bxe5 15. O-O O-O 16. Rfe1 Bd6 17. Ne4 Be5 18. c3 Bg4 19. Rd5 Bg7 20. Rd2
Bh6 21. Rd4 Bg7 22. Rd2 Rac8 23. Bb3 b5 24. Nf2 Bf5 25. g4 Be6 26. Rxe6 fxe6
27. Bxe6+ Kh8 28. Bxc8 Rxc8 29. Rd7 Re8 30. Rxa7 Bh6 31. Nd3 Be3+ 32. Nf2 Bxa7
0-1

[Event "31. Torneo San Viator 2019 - Grupo B"]
[Site "Madrid ESP"]
[Date "2019.10.06"]
[Round "4.13"]
[White "Sanchez Rivero, Miguel"]
[Black "Periotto Miori, Caterina"]
[Result "1-0"]
[WhiteElo "1581"]
[BlackElo "1321"]
[PlyCount "89"]
[EventDate "2019.09.08"]
[EventType "swiss"]
[EventRounds "9"]
[EventCountry "ESP"]
[SourceTitle "Ajedrez en Madrid"]
[Source "lmi"]
[SourceDate "2019.09.08"]
[SourceVersion "1"]
[SourceVersionDate "2019.10.29"]
[SourceQuality "1"]

1. e4 c5 2. Nf3 d6 3. d4 cxd4 4. Nxd4 Nf6 5. Nc3 Nc6 6. Bg5 e6 7. Qd2 Be7 8.
O-O-O O-O 9. f4 Nxd4 10. Qxd4 Qa5 11. e5 dxe5 12. fxe5 Nd5 13. Bxe7 Nxe7 14.
Bb5 a6 15. Ba4 Nf5 16. Qe4 Qc7 17. Rhe1 Rb8 18. Rd3 b5 19. Bb3 Bb7 20. Nd5 Qc8
21. Qxf5 exf5 22. Ne7+ Kh8 23. Nxc8 Rbxc8 24. g3 Rc7 25. Red1 Bc6 26. Rd8 Kg8
27. e6 Be8 28. Ra8 g6 29. Rdd8 fxe6 30. Rxe8 Rxe8 31. Rxe8+ Kg7 32. Rxe6 Ra7
33. c4 bxc4 34. Bxc4 a5 35. Ra6 Rc7 36. b3 a4 37. Rxa4 Re7 38. Kd2 Kf6 39. h4
h6 40. Ra6+ Kg7 41. Rd6 Ra7 42. a4 Re7 43. a5 g5 44. hxg5 hxg5 45. a6 1-0

[Event "31. Torneo San Viator 2019 - Grupo B"]
[Site "Madrid ESP"]
[Date "2019.10.06"]
[Round "4.14"]
[White "Collado Alcolado, Angel"]
[Black "Martinez Martinez, Javier II"]
[Result "1/2-1/2"]
[WhiteElo "1227"]
[BlackElo "1558"]
[PlyCount "63"]
[EventDate "2019.09.08"]
[EventType "swiss"]
[EventRounds "9"]
[EventCountry "ESP"]
[SourceTitle "Ajedrez en Madrid"]
[Source "lmi"]
[SourceDate "2019.09.08"]
[SourceVersion "1"]
[SourceVersionDate "2019.10.29"]
[SourceQuality "1"]

1. e4 e5 2. Nf3 Nc6 3. Bb5 a6 4. Bxc6 dxc6 5. O-O Bd6 6. d4 Bg4 7. dxe5 Bxf3 8.
Qxf3 Bxe5 9. Rd1 Qf6 10. Qxf6 Nxf6 11. f4 Bd6 12. e5 Bc5+ 13. Kf1 Nd5 14. g3
O-O-O 15. Ke2 Nb4 16. Na3 Rxd1 17. Kxd1 Nd5 18. Nb1 Rd8 19. Ke2 Nb4 20. Na3 Nd5
21. Nb1 h5 22. h3 Nb4 23. Na3 b5 24. Be3 Bxe3 25. Kxe3 c5 26. Ke2 c4 27. Rd1
Rxd1 28. Kxd1 Nxa2 29. c3 b4 30. cxb4 Nxb4 31. Nxc4 Kd7 32. Kd2 1/2-1/2

[Event "31. Torneo San Viator 2019 - Grupo B"]
[Site "Madrid ESP"]
[Date "2019.10.06"]
[Round "4.15"]
[White "Cortijo Manso, Luis"]
[Black "Lopez Guitian, Juan J."]
[Result "1-0"]
[WhiteElo "1454"]
[BlackElo "1541"]
[PlyCount "39"]
[EventDate "2019.09.08"]
[EventType "swiss"]
[EventRounds "9"]
[EventCountry "ESP"]
[SourceTitle "Ajedrez en Madrid"]
[Source "lmi"]
[SourceDate "2019.09.08"]
[SourceVersion "1"]
[SourceVersionDate "2019.10.29"]
[SourceQuality "1"]

1. Nf3 d5 2. c4 d4 3. e3 c5 4. b4 dxe3 5. fxe3 e6 6. bxc5 Bxc5 7. d4 Be7 8. Bd3
Nc6 9. O-O Nf6 10. Nc3 O-O 11. a3 Kh8 12. Bb2 Qc7 13. Ne4 Ng4 14. Qe2 f5 15.
Nf2 Bd6 16. Kh1 Nxh2 17. Nxh2 Bxh2 18. Qh5 Bg3 19. Ne4 Bd7 20. Ng5 1-0

[Event "31. Torneo San Viator 2019 - Grupo B"]
[Site "Madrid ESP"]
[Date "2019.10.06"]
[Round "4.16"]
[White "Lopez Ochoa, Arsenio"]
[Black "Benitez Cadenas, Luis Miguel"]
[Result "1/2-1/2"]
[WhiteElo "1194"]
[BlackElo "1535"]
[PlyCount "75"]
[EventDate "2019.09.08"]
[EventType "swiss"]
[EventRounds "9"]
[EventCountry "ESP"]
[SourceTitle "Ajedrez en Madrid"]
[Source "lmi"]
[SourceDate "2019.09.08"]
[SourceVersion "1"]
[SourceVersionDate "2019.10.29"]
[SourceQuality "1"]

1. e4 e6 2. d4 d5 3. e5 c5 4. c3 Nc6 5. Be3 Qb6 6. b3 cxd4 7. cxd4 Bb4+ 8. Nd2
Bc3 9. Rc1 Bxd4 10. Bxd4 Qxd4 11. Ngf3 Qf4 12. g3 Qf5 13. Bb5 Bd7 14. Qe2 f6
15. Bxc6 bxc6 16. O-O Ne7 17. exf6 Qxf6 18. Ne5 Rd8 19. f4 O-O 20. Qa6 Be8 21.
Qxa7 g5 22. Rce1 Qg7 23. Qd4 Nf5 24. Qc5 Nxg3 25. hxg3 gxf4 26. g4 h5 27. Rf2
Rf5 28. Ndf3 hxg4 29. Nxg4 Bh5 30. Nfh2 Rdf8 31. Rg2 Rg5 32. Qxc6 Bxg4 33. Nxg4
f3 34. Qxe6+ Rf7 35. Qe8+ Rf8 36. Qe6+ Rf7 37. Qe8+ Rf8 38. Qe6+ 1/2-1/2

[Event "31. Torneo San Viator 2019 - Grupo B"]
[Site "Madrid ESP"]
[Date "2019.10.06"]
[Round "4.17"]
[White "Merino Araguas, Jose Javier"]
[Black "Lopez Sanz, David"]
[Result "1-0"]
[WhiteElo "1701"]
[BlackElo "1411"]
[PlyCount "83"]
[EventDate "2019.09.08"]
[EventType "swiss"]
[EventRounds "9"]
[EventCountry "ESP"]
[SourceTitle "Ajedrez en Madrid"]
[Source "lmi"]
[SourceDate "2019.09.08"]
[SourceVersion "1"]
[SourceVersionDate "2019.10.29"]
[SourceQuality "1"]

1. d4 Nf6 2. c4 c5 3. d5 e5 4. Nc3 d6 5. e4 Be7 6. g3 O-O 7. Bg2 Ne8 8. Nge2 g6
9. Bh6 Ng7 10. Qd2 f5 11. O-O Nd7 12. f4 exf4 13. exf5 fxg3 14. Nxg3 Ne5 15.
fxg6 hxg6 16. Rxf8+ Qxf8 17. Rf1 Qd8 18. b3 Nf5 19. Nxf5 Bxf5 20. Ne4 Kh7 21.
Ng3 Bd7 22. Be4 Bh3 23. Rf2 Qg8 24. Bg5 Rf8 25. Bxe7 Re8 26. Qg5 Qg7 27. Bf6
Qh6 28. Qxh6+ Kxh6 29. Rf4 Ng4 30. Bd3 Kh7 31. Bc3 Re3 32. Be2 g5 33. Rf7+ Kg8
34. Rg7+ Kf8 35. Rxg5 Ne5 36. Bxe5 dxe5 37. Kf2 Rc3 38. Rxe5 Rc2 39. d6 Rd2 40.
Rd5 Rxa2 41. d7 Bxd7 42. Rxd7 1-0

[Event "31. Torneo San Viator 2019 - Grupo B"]
[Site "Madrid ESP"]
[Date "2019.10.06"]
[Round "4.18"]
[White "Mantecon Soto, Fernando"]
[Black "Jimenez Alvaro, Angel"]
[Result "1/2-1/2"]
[WhiteElo "1330"]
[BlackElo "1618"]
[PlyCount "98"]
[EventDate "2019.09.08"]
[EventType "swiss"]
[EventRounds "9"]
[EventCountry "ESP"]
[SourceTitle "Ajedrez en Madrid"]
[Source "lmi"]
[SourceDate "2019.09.08"]
[SourceVersion "1"]
[SourceVersionDate "2019.10.29"]
[SourceQuality "1"]

1. d4 e6 2. Nc3 Bb4 3. Bd2 f5 4. e3 Nf6 5. Bd3 O-O 6. Nf3 b6 7. a3 Bxc3 8. Bxc3
d6 9. Qe2 Bb7 10. O-O Nbd7 11. Bc4 Re8 12. Ng5 Nf8 13. Qd3 Ne4 14. Nxe4 Bxe4
15. Qe2 Qg5 16. f3 Bb7 17. Qf2 Re7 18. f4 Qg6 19. Qg3 Qxg3 20. hxg3 h6 21. Kf2
Nd7 22. Bd3 Nf6 23. Bd2 Kh7 24. c4 Rg8 25. Rh1 Ng4+ 26. Kg1 g6 27. Be2 Nf6 28.
Bf3 Ne4 29. Bxe4 Bxe4 30. Kf2 g5 31. Rh5 gxf4 32. exf4 Reg7 33. Rah1 Rg6 34.
Rg5 c5 35. dxc5 dxc5 36. b4 Rd8 37. Be3 cxb4 38. axb4 Rd3 39. Rxg6 Kxg6 40. Rc1
Rb3 41. c5 bxc5 42. bxc5 Bc6 43. Ra1 Rb2+ 44. Ke1 Rxg2 45. Bf2 Rh2 46. Rxa7
Rh1+ 47. Kd2 Rh2 48. Ke3 Rh1 49. Ke2 Rh2 1/2-1/2

[Event "31. Torneo San Viator 2019 - Grupo B"]
[Site "Madrid ESP"]
[Date "2019.10.06"]
[Round "4.19"]
[White "Urbelz Perez, Ignacio"]
[Black "Jimenez Perez, Federico"]
[Result "0-1"]
[WhiteElo "1551"]
[BlackElo "1291"]
[PlyCount "100"]
[EventDate "2019.09.08"]
[EventType "swiss"]
[EventRounds "9"]
[EventCountry "ESP"]
[SourceTitle "Ajedrez en Madrid"]
[Source "lmi"]
[SourceDate "2019.09.08"]
[SourceVersion "1"]
[SourceVersionDate "2019.10.29"]
[SourceQuality "1"]

1. e4 c5 2. Nc3 g6 3. f4 d6 4. Nf3 Bg4 5. Bb5+ Nc6 6. Bxc6+ bxc6 7. O-O Bg7 8.
d3 Bd4+ 9. Kh1 e5 10. Qe1 Nf6 11. fxe5 Nh5 12. exd6 Bxf3 13. Rxf3 Be5 14. g4
Ng7 15. Be3 Qxd6 16. Na4 Ne6 17. c3 h5 18. g5 Bxh2 19. Nxc5 Nxc5 20. Qf2 Be5
21. Bxc5 Qe6 22. Bd4 Bxd4 23. Qxd4 O-O 24. Qf2 a5 25. Rf6 Qh3+ 26. Kg1 Qxd3 27.
Rf1 Qxe4 28. Qf3 Qc4 29. b3 Qc5+ 30. Rf2 Qxg5+ 31. Rg2 Qc1+ 32. Kh2 Qh6 33.
Rxc6 Rae8 34. Ra6 Re3 35. Qf6 Re6 36. Rxe6 fxe6 37. Qxe6+ Kh7 38. Qe7+ Qg7 39.
Qxg7+ Kxg7 40. c4 Rc8 41. Rf2 Rc5 42. Kg3 g5 43. Rd2 Kf6 44. Rd5 Rxd5 45. cxd5
Ke5 46. d6 Kxd6 47. Kf3 Kc5 48. a3 Kd4 49. b4 axb4 50. axb4 Kc4 0-1

[Event "31. Torneo San Viator 2019 - Grupo B"]
[Site "Madrid ESP"]
[Date "2019.10.06"]
[Round "4.20"]
[White "Navas Marin, Felix"]
[Black "Mangas Perez, Roberto"]
[Result "1-0"]
[WhiteElo "1466"]
[BlackElo "1082"]
[PlyCount "122"]
[EventDate "2019.09.08"]
[EventType "swiss"]
[EventRounds "9"]
[EventCountry "ESP"]
[SourceTitle "Ajedrez en Madrid"]
[Source "lmi"]
[SourceDate "2019.09.08"]
[SourceVersion "1"]
[SourceVersionDate "2019.10.29"]
[SourceQuality "1"]

1. d4 d5 2. Bf4 Nf6 3. e3 Bf5 4. c3 Nbd7 5. Nf3 c6 6. h3 h6 7. Be2 e6 8. O-O c5
9. Qb3 b6 10. Nbd2 Be7 11. Ne5 Nxe5 12. Bxe5 O-O 13. Nf3 c4 14. Qd1 Ne4 15. Bh2
Bd6 16. Bxd6 Qxd6 17. Ne5 f6 18. Nf3 Rfe8 19. Nh4 a5 20. Nxf5 exf5 21. Bh5 Re7
22. Re1 f4 23. Qf3 fxe3 24. Rxe3 Ng5 25. Qe2 Rxe3 26. Qxe3 Ne4 27. Bg6 a4 28.
Bxe4 dxe4 29. Qxe4 a3 30. bxa3 Qxa3 31. Qd5+ Kh8 32. Qxc4 Qb2 33. Re1 Qd2 34.
Rb1 Re8 35. Rf1 g5 36. Qc6 Re1 37. Qxf6+ Kg8 38. Qg6+ Kf8 39. Qxh6+ Ke8 40.
Qh8+ Ke7 41. Qg7+ Ke8 42. Rxe1+ Qxe1+ 43. Kh2 Qxf2 44. Qxg5 Qxa2 45. Qe5+ Kd7
46. d5 Qa4 47. Qe6+ Kc7 48. Qc6+ Qxc6 49. dxc6 Kxc6 50. g4 Kc5 51. g5 b5 52. g6
Kc4 53. g7 Kxc3 54. g8=Q b4 55. Qc8+ Kb2 56. h4 b3 57. h5 Ka1 58. Qa8+ Kb1 59.
h6 b2 60. h7 Kc1 61. Qc8+ Kd1 1-0

[Event "31. Torneo San Viator 2019 - Grupo B"]
[Site "Madrid ESP"]
[Date "2019.10.06"]
[Round "4.21"]
[White "Carrera Mellado, Sergio"]
[Black "Alamo Casanueva, Daniel"]
[Result "1/2-1/2"]
[WhiteElo "1202"]
[BlackElo "1449"]
[PlyCount "72"]
[EventDate "2019.09.08"]
[EventType "swiss"]
[EventRounds "9"]
[EventCountry "ESP"]
[SourceTitle "Ajedrez en Madrid"]
[Source "lmi"]
[SourceDate "2019.09.08"]
[SourceVersion "1"]
[SourceVersionDate "2019.10.29"]
[SourceQuality "1"]

1. d4 d5 2. c4 c5 3. Nf3 Nc6 4. cxd5 Qxd5 5. Nc3 Qd8 6. dxc5 Qxd1+ 7. Nxd1 e5
8. e4 Bxc5 9. Bb5 Bd6 10. Be3 Nf6 11. Nc3 O-O 12. O-O Bg4 13. Nd2 a6 14. Be2
Nb4 15. Bxg4 Nxg4 16. Bg5 Nc2 17. Rac1 Nd4 18. a3 b5 19. b4 Rac8 20. Rfe1 h6
21. Bh4 g5 22. Bg3 Nf6 23. Kf1 Nh5 24. Nd5 Ne6 25. Rxc8 Nxg3+ 26. hxg3 Rxc8 27.
Re3 Rc1+ 28. Re1 Rc2 29. Nf3 g4 30. Nf6+ Kg7 31. Nxg4 Ra2 32. Re3 f6 33. Rd3
Ra1+ 34. Ke2 Ra2+ 35. Kf1 Ra1+ 36. Ke2 Ra2+ 1/2-1/2